[Event "Benidorm sim"]
[Site "Benidorm"]
[Date "2007.??.??"]
[Round "?"]
[White "Anand, Viswanathan"]
[Black "Ferro Curao, Manuel Jao"]
[Result "1-0"]
[WhiteElo "2801"]
[BlackElo "1940"]
[PlyCount "49"]
[EventDate "2007.11.??"]
[EventType "simul"]
[EventRounds "1"]
[EventCountry "ESP"]
[SourceTitle "EXT 2010"]
[Source "ChessBase"]
[SourceDate "2010.11.25"]
[SourceVersion "1"]
[SourceVersionDate "2010.11.25"]
[SourceQuality "1"]

1. d4 d5 2. c4 c6 3. Nc3 Nf6 4. e3 e6 5. Nf3 Bb4 6. Bd3 dxc4 7. Bxc4 0-0 8. 0-0 Nbd7 9. Qe2 Qc7 10. e4 b6 11. e5 Nd5 12. Ne4 Be7 13. Bg5 f6 14. Bh4 a5 15. Rac1 Nb8 16. exf6 gxf6 17. Rfe1 Qd8 18. Bxd5 Qxd5 19. Ne5 Ra7 20. Ng4 Qd8 21. Bg3 Ba6 22. Qe3 f5 23. Nh6+ Kg7 24. Be5+ Kg6 25. Qg3+ 1-0